header

Becoming Christian (Record no. 87821)

MARC details
000 -LEADER
fixed length control field 01456nam a2200349Ia 4500
100 1# - MAIN ENTRY--AUTHOR NAME
Personal name Van Dam, Raymond.
245 10 - TITLE STATEMENT
Title Becoming Christian
260 ## - PUBLICATION, DISTRIBUTION, ETC. (IMPRINT)
Place of publication Philadelphia :
Name of publisher University of Pennsylvania Press,
Year of publication c2003.
300 ## - PHYSICAL DESCRIPTION
Number of Pages viii, 254 p. :
Other physical details map.
650 #0 - SUBJECT ADDED ENTRY--TOPICAL TERM
Topical Term Christianity and culture
856 40 - ELECTRONIC LOCATION AND ACCESS
Uniform Resource Identifier http://site.ebrary.com/lib/rucke/Doc?id=10576067

No items available.

© 2026 Rongo University
Contact us: librarian | system librarian | Rongo university